Quizzes
Events
Quiz Creation
Community
Videos
Private Events
Remove Ads
Sign In
Join for FREE
Feedback
Dark Mode
Quiz Categories
Sports
Geography
Music
Movies
Television
Just For Fun
Miscellaneous
History
Literature
Language
Science
Gaming
Entertainment
Religion
Holiday
For Kids
Quiz Lab
Recent
Popular Today
Quiz Kudos Today
Editor Picks
Curator Picks
Quizzes by...
Day
Popularity
Type
Ratings
Length
Year
Community
Subscriptions
Recent Discussions
Orange Saloon
Badges
Playlists
Quests
Create
Leaderboards
Showdown
Live 5
Trivia Bingo
Activity
Puzzle Library
Sporcle Events
Private Events
Virtual Trivia
Globe League
Become a Host
Pub Owners
SporcleCon
Opinionation
Our Games
Videos
Blog
Mobile Apps
Partnerships
Remove Ads and Go Orange
Feedback
Sports
Athletes
MLB
NBA
NHL
NFL
Soccer
Sports Teams
WWE
NCAA
Football
Premier League
Basketball
Baseball
Hockey
Golf
Tennis
Cricket
Rugby
Auto Racing
Olympics
World Cup
Sports
Athletes
MLB
NBA
NHL
NFL
Soccer
Sports Teams
WWE
NCAA
Football
Premier League
Basketball
Baseball
Hockey
Golf
Tennis
Cricket
Rugby
Auto Racing
Olympics
World Cup
Random Quiz
Search Sporcle
×
Quiz Lab
Quiz Lab
Sports
opponent
Type in answers that appear in a list
Type in answers that appear in a list
Classic
Best Score? Go Orange.
Mickie James PPV Opponents Stats
Can you name the Mickie James PPV Opponents?
By
TheDynasty0
10m
93 Questions
181 Plays
181 Plays
181 Plays
Comments
Comments
Give Quiz Kudos
Give Quiz Kudos
-
- Ratings
hide this ad
Replay
Link that replays current quiz
Next Quiz
Link to next quiz in quiz playlist
You Got
0%
They Got
Avg Score
80%
Avg Friend Score
Upgrade to see
Score Distribution
Jump to the score distribution portion of the page
Score
0/93
Timer
10:00
0
Plays Today
PPV
Opponent
% Correct
WWE Taboo Tuesday 2005
Trish Stratus
98.9%
WWE New Year's Revolution 2006
Trish Stratus
98.9%
WWE WrestleMania 22 2006
Trish Stratus
98.9%
WWE Backlash 2006
Trish Stratus
98.9%
WWE Taboo Tuesday 2005
Victoria
97.8%
WWE New Year's Revolution 2007
Victoria
97.8%
WWE Survivor Series 2007
Victoria
97.8%
WWE Backlash 2008
Victoria
97.8%
WWE Cyber Sunday 2008
Victoria
97.8%
WWE Survivor Series 2008
Victoria
97.8%
WWE Armageddon 2008
Victoria
97.8%
TNA Turning Point 2010
Tara
97.8%
TNA Final Resolution 2010
Tara
97.8%
WWE Cyber Sunday 2006
Lita
96.1%
WWE Survivor Series 2006
Lita
96.1%
WWE SummerSlam 2007 (Winner)
Beth Phoenix
96.1%
WWE Survivor Series 2007
Beth Phoenix
96.1%
WWE Armageddon 2007
Beth Phoenix
96.1%
WWE Backlash 2008
Beth Phoenix
96.1%
WWE Judgment Day 2008
Beth Phoenix
96.1%
WWE SummerSlam 2008
Beth Phoenix
96.1%
WWE Cyber Sunday 2008
Beth Phoenix
96.1%
WWE Survivor Series 2009
Beth Phoenix
96.1%
TNA Final Resolution 2012
Tara
95.5%
WWE Cyber Sunday 2008
Michelle McCool
95%
WWE Survivor Series 2008
Michelle McCool
95%
WWE Survivor Series 2009
Michelle McCool
95%
WWE TLC -
Tables, Ladders & Chairs 2009
Michelle McCool
95%
WWE Royal Rumble 2010
Michelle McCool
95%
WWE WrestleMania XXVI 2010
Michelle McCool
95%
WWE Survivor Series 2007
Layla
94.5%
PPV
Opponent
% Correct
WWE Backlash 2008
Layla
94.5%
WWE Cyber Sunday 2008
Layla
94.5%
WWE Survivor Series 2009
Layla
94.5%
WWE WrestleMania XXVI 2010
Layla
94.5%
WWE Backlash 2007
Melina
92.3%
WWE Survivor Series 2007
Melina
92.3%
WWE Backlash 2008
Melina
92.3%
WWE Judgment Day 2008
Melina
92.3%
TNA Genesis 2013
Gail Kim
91%
TNA One Night Only -
Knockout Knockdown 2013 (Winner)
Gail Kim
91%
WWE Taboo Tuesday 2005
Candice Michelle
89.5%
WWE Cyber Sunday 2008
Candice Michelle
89.5%
TNA Final Resolution 2011
Gail Kim
89.5%
TNA Genesis 2012
Gail Kim
89.5%
WWE Taboo Tuesday 2005
Ashley Massaro
88.4%
WWE Royal Rumble 2006
Ashley Massaro
88.4%
WWE Backlash 2008
Natalya
86.2%
WWE Cyber Sunday 2008
Natalya
86.2%
WWE Survivor Series 2008
Natalya
86.2%
WWE Armageddon 2008
Natalya
86.2%
WWE Hell in a Cell 2009
Alicia Fox
85.6%
WWE Survivor Series 2009
Alicia Fox
85.6%
WWE WrestleMania XXVI 2010
Alicia Fox
85.6%
WWE Taboo Tuesday 2005
Maria
83.4%
WWE Cyber Sunday 2008
Maria
83.4%
WWE Survivor Series 2008
Maria
83.4%
WWE Survivor Series 2007
Jillian Hall
81.2%
WWE Backlash 2008
Jillian Hall
81.2%
WWE Cyber Sunday 2008
Jillian Hall
81.2%
WWE Armageddon 2008
Jillian Hall
81.2%
WWE Survivor Series 2009
Jillian Hall
81.2%
PPV
Opponent
% Correct
TNA Slammiversary IX 2011
Angelina Love
80.7%
TNA Bound for Glory 2011
Angelina Love
80.7%
WWE SummerSlam 2008
Santino Marella
80.1%
WWE WrestleMania XXV 2009 (Winner)
Santina
80.1%
TNA Genesis 2011
Madison Rayne
80.1%
TNA Against All Odds 2011
Madison Rayne
80.1%
TNA Lockdown 2011
Madison Rayne
80.1%
TNA Sacrifice 2011
Madison Rayne
80.1%
WWE Cyber Sunday 2008
Kelly Kelly
79.6%
TNA Bound for Glory 2011
Velvet Sky
79.6%
WWE Cyber Sunday 2008
Brie Bella
79%
WWE Night of Champions 2008
Katie Lea Burchill
76.2%
WWE Cyber Sunday 2008
Katie Lea Burchill
76.2%
TNA Hardcore Justice 2011
Winter
76.2%
TNA No Surrender 2011
Winter
76.2%
TNA Bound for Glory 2011
Winter
76.2%
WWE Cyber Sunday 2008
Maryse
75.7%
WWE Survivor Series 2008
Maryse
75.7%
WWE Armageddon 2008
Maryse
75.7%
WWE Night of Champions 2009
Maryse
75.7%
WWE WrestleMania XXVI 2010
Maryse
75.7%
WWE Cyber Sunday 2008
Eve Torres
74%
WWE WrestleMania XXVI 2010
Vickie Guerrero
66.9%
WWE Cyber Sunday 2008
Tiffany
48.6%
WWE Cyber Sunday 2008
Lena Yada
42.5%
TNA One Night Only -
Knockout Knockdown 2013
Serena Deeb
23.9%
TNA One Night Only -
World Cup Of Wrestling 2013
Ivelisse Velez
16.4%
TNA One Night Only -
World Cup Of Wrestling 2013
Wes Brisco
14.9%
TNA One Night Only -
World Cup Of Wrestling 2013
DOC
13.4%
TNA One Night Only -
World Cup Of Wrestling 2013
Knux
13.4%
TNA One Night Only -
World Cup Of Wrestling 2013
Mr. Anderson
13.4%
Quiz Playlist
Details
Report
Send in Message
Add To Playlist
Classic:
Type in answers that appear in a list
Last Updated: Feb 16, 2017
Quiz Scoreboard
CHALLENGE
Sign Up to Join the Scoreboard
Show All
Scores
Hide
Comments
May contain spoilers
Recently Published
Presidents Visiting Landmarks
by Hejman
History
7m
An Introduction to Baseball
by treessimontrees
Sports
5m
Movies - When Are They Set?
by FPL_Elf
Movies
5m
More to Explore
Quiz From the Vault
Featured Blog Post
Where Did the Easter Bunny Come From?
hide this ad
You Might Also Like...
Tags
opponent
PPV
PPV Opponents
same
Today's Top Quizzes in Sports
Browse Sports
hide this ad
Today's Top Quizzes in opponent
Browse opponent
Top Contributed Quizzes in Sports
1
Les meilleurs buteurs des matchs entre le PSG et l’OM
2
2022 World Cup Stars
3
FIFA Club World Cup Champions
4
Les entraîneurs de l'OM et du PSG au 21e siècle
5
Name the Premier League winners with different clubs
6
La finale Lions - Afrique du Sud 2021
7
5-to-1: UK Sports Teams
8
England Test cricketers to play under Nasser Hussain
9
Players with Multiple 50 Home Run Seasons
10
AFC Teams Reveal (Wrong Answers Minefield)
Explore More
Trending Topics
Disney
Anime
Marvel
Harry Potter
Crossword
Kpop
NBA
Soccer
NFL
Country
Song
Puzzle
WWE
Pokémon
The Office
hide this ad
More By:
TheDynasty0
Quiz
Plays
Rating
Category
Featured
Created
Seattle Mariners Opening Day Starting Pitchers
19,055
4.49
Sports
Apr 6, 2012
Toronto Blue Jays Opening Day Starting Pitchers
15,933
4.69
Sports
Apr 5, 2012
Daniel Bryan WWE PPV Opponents
5,940
4.31
Sports
Jul 19, 2012
Wrestlers who have had a WWE Championship PPV Match
5,146
4.58
Sports
Sep 8, 2012
2013 PWI 500 (Top 100)
3,864
4.31
Sports
Aug 22, 2013
Go to Creator's Profile
Score Distribution
Quiz Creator Spotlight
TheDynasty0
Follow
Send a Message
Quizzes Created
-
Created Quiz Play Count
-
More By This Creator
Popular Quizzes Today
1
Find the US States - No Outlines Minefield
2
Find the Countries of Europe - No Outlines Minefield
3
The Countries of the World
4
Find the US States
5
Popular People in 1961
6
US States
7
Risky Map Clicking: Biggest States A-Z
8
Movies - When Are They Set?
More Sports Quizzes
World Cup Nations Logic Puzzle
Quiz Lab
Trending Quizzes
Risky Map Clicking: Least Populous States A-Z
1-10 Letter G Words
1-10 Letter F Words
Risky Map Clicking: Next State Alphabetically
Risky Map Clicking: Biggest States A-Z
Recently Updated
Leaping Animals
pecheneg
Reality TV Shows (A-Z)
bhenderson79
Rickey Henderson's Hall of Fame Teammates
pecheneg
Champions League XIs: Arsenal
pecheneg
Quick Pick: Celebrities in WWE's Hall of Fame
aduchscher
A-Z Keypad Blitz II
pecheneg
Multiple Oscar Actors
pecheneg
Mystery Phrase Blitz: Oscar 'Best Actors'
pecheneg
F. Scott Fitzgerald Novels
LTH
Pick 3 Villains
ddd62291
Trending Topics
Anime
Harry Potter
Marvel
Kpop
Crossword
Disney
NBA
The Office
Pokémon
Soccer
NFL
Country
Song
Puzzle
WWE
Your Account Isn't Verified!
In order to create a playlist on Sporcle, you need to verify the email address you used during registration. Go to your
Sporcle Settings
to finish the process.
Report this User
Report this user for behavior that violates our
Community Guidelines
.
Details:
Send Report
Go to the Sporcle.com Mobile Site →
Comments